First things first (Record no. 300379)
[ view plain ]
| 000 -LEADER | |
|---|---|
| fixed length control field | 00298 a2200133 4500 |
| 001 - CONTROL NUMBER | |
| control field | 65306 |
| 010 ## - LIBRARY OF CONGRESS CONTROL NUMBER | |
| LC control number | G-6248 |
| 082 ## - DEWEY DECIMAL CLASSIFICATION NUMBER | |
| Classification number | 158.1 COV |
| 090 ## - LOCALLY ASSIGNED LC-TYPE CALL NUMBER (OCLC); LOCAL CALL NUMBER (RLIN) | |
| -- | 38332 |
| -- | 38332 |
| 100 ## - MAIN ENTRY--PERSONAL NAME | |
| Personal name | stephen R Covey |
| 245 ## - TITLE STATEMENT | |
| Title | First things first |
| 260 ## - PUBLICATION, DISTRIBUTION, ETC. | |
| Place of publication, distribution, etc. | London |
| Name of publisher, distributor, etc. | Simon and Schuster |
| 500 ## - GENERAL NOTE | |
| General note | PAF Book Club |
| 942 ## - ADDED ENTRY ELEMENTS (KOHA) | |
| Institution code [OBSOLETE] | NUST-CAE |
| Call number prefix | 158.1 COV |
| Withdrawn status | Lost status | Damaged status | Not for loan | Collection code | Permanent Location | Current Location | Date acquired | Total Checkouts | Full call number | Barcode | Date last seen | Price effective from | Koha item type |
|---|---|---|---|---|---|---|---|---|---|---|---|---|---|
| College of Aeronautical Engineering (CAE) | College of Aeronautical Engineering (CAE) | 04/03/2017 | 158.1 COV | CAE85063 | 04/05/2017 | 04/05/2017 | Book | ||||||
| College of Aeronautical Engineering (CAE) | College of Aeronautical Engineering (CAE) | 04/03/2017 | 158.1 COV | CAEG-6248 | 04/05/2017 | 04/05/2017 | Book |
